Previsión social: algunas consideraciones
Guardado en:
| Autores principales: | , |
|---|---|
| Autor Corporativo: | |
| Formato: | Libro |
| Lenguaje: | español |
| Publicado: |
Santiago
Pontificia Universidad Católica de Chile, Instituto de Economía
1982
|
| Colección: | Documento de Trabajo, 84
|
| Materias: | |
| Etiquetas: |
Agregar Etiqueta
Sin Etiquetas, Sea el primero en etiquetar este registro!
|
MARC
| LEADER | 00000nam a2200000 a 4500 | ||
|---|---|---|---|
| 001 | UCX1739 | ||
| 003 | CL-VaPUC | ||
| 008 | 901029e19820000CL |||||||||||||||||spa|d | ||
| 082 | 0 | 4 | |a 368.4 |b LAR |2 21 |
| 100 | |a Larraín Bascuñán, Felipe |e autor |9 588048 | ||
| 700 | 0 | |a Wagner H., Gert |e author |9 317392 | |
| 110 | 2 | |a Pontificia Universidad Católica de Chile. Instituto de Economía |e author |9 317393 | |
| 245 | 1 | 0 | |a Previsión social: algunas consideraciones |
| 300 | |a 82 p | ||
| 942 | |c BK | ||
| 945 | |d 19901029 00:00:00 | ||
| 260 | |a Santiago |b Pontificia Universidad Católica de Chile, Instituto de Economía |c 1982 | ||
| 650 | 0 | |a Seguridad social |9 255322 | |
| 583 | |a last modification |c 19901029 00:00:00 |k Rodrigo Vera | ||
| 490 | 0 | |a Documento de Trabajo, 84 | |
| 999 | |c 222906 |d 222904 | ||
| 952 | |0 0 |1 0 |4 0 |6 368_400000000000000_LAR_1982 |7 0 |8 A |9 218203 |a BIBENE |b BIBENE |d 2019-11-15 |i 2870428 |o 368.4 LAR 1982 |p 2870428 |r 2025-01-15 |w 2019-11-15 |y BK |k ICO | ||